Fundamentos de la ciencia e ingeniería de materiales
Uloženo v:
| Hlavní autor: | |
|---|---|
| Médium: | Kniha |
| Jazyk: | španělština |
| Vydáno: |
Madrid
McGraw-Hill
1993
|
| Vydání: | 2a. ed |
| Témata: | |
| Tagy: |
Přidat tag
Žádné tagy, Buďte první, kdo vytvoří štítek k tomuto záznamu!
|
MARC
| LEADER | 00000nam a2200000 a 4500 | ||
|---|---|---|---|
| 001 | UCW2200 | ||
| 003 | CL-VaPUC | ||
| 008 | 930317e19930000SP |||||||||||||||||spa|d | ||
| 082 | 0 | 4 | |a 620.11 |b SMI |2 21 |
| 100 | 0 | |a Smith, William Fortune |e author |9 306156 | |
| 245 | 1 | 0 | |a Fundamentos de la ciencia e ingeniería de materiales |
| 250 | |a 2a. ed | ||
| 300 | |a 936 p | ||
| 942 | |c BK | ||
| 945 | |d 19930317 00:00:00 |a mfernand | ||
| 260 | |a Madrid |b McGraw-Hill |c 1993 | ||
| 650 | 0 | |a Materiales de ingeniería |9 261006 | |
| 650 | 0 | |a Estructuras |9 271908 | |
| 650 | 0 | |a Propiedades eléctricas |9 271909 | |
| 650 | 0 | |a Semiconductores |9 260250 | |
| 650 | 7 | |a MICROELECTRONICA |2 CL-VaPUC |9 271910 | |
| 650 | 0 | |a Propiedades mecánicas |9 262507 | |
| 650 | 0 | |a Metales |9 260686 | |
| 650 | 7 | |a MATERIALES MAGNETICOS |2 CL-VaPUC |9 271911 | |
| 650 | 7 | |a CORROSION |2 CL-VaPUC |9 271912 | |
| 650 | 7 | |a MINERALES COMPUESTOS |2 CL-VaPUC |9 271913 | |
| 583 | |a last modification |c 19930317 00:00:00 |k Rodrigo Vera | ||
| 999 | |c 216803 |d 216801 | ||
| 952 | |0 0 |1 0 |4 0 |6 620_110000000000000_SMI_1993 |7 0 |8 A |9 203064 |a BIBMEC |b BIBMEC |d 2019-11-14 |i 322600K |l 1 |o 620.11 SMI 1993 |p 322600K |r 2024-01-19 |s 2022-03-23 |w 2019-11-14 |y BK |k MEC | ||
| 952 | |0 0 |1 0 |4 0 |6 620_110000000000000_SMI_1993 |7 0 |8 P |9 203067 |a BIBARQ |b BIBARQ |d 2019-11-14 |i 3535657 |o 620.11 SMI 1993 |p 3535657 |r 2025-01-20 |w 2019-11-14 |y BK |k ARQ | ||